Worldminds. Geographical perspectives on 100 problems: commemorating the 100th anniversary of the Association of American Geographers 1904-2004

Salvato in:
Dettagli Bibliografici
Autori principali: Janelle, Donald G (Autore), Warf, Barney (Autore), Hansen, Kathy (Autore)
Natura: Libro
Lingua:inglese
Pubblicazione: Dordrecht Kluwer Academic 2004
Edizione:1a. ed
Soggetti:
Tags: Aggiungi Tag
Nessun Tag, puoi essere il primo ad aggiungerne!!

MARC

LEADER 00000cam a2200000 a 4500
001 UCD3858
003 CL-VaPUC
008 160616e20040000ne |||||||||||||||||eng|d
020 |a 1402016123 
020 |a 1402016131 
082 0 4 |a 304.2  |b JAN  |2 21 
100 0 |a Janelle, Donald G  |e author  |9 587477 
700 0 |a Warf, Barney  |e author  |9 587478 
700 0 |a Hansen, Kathy  |e author  |9 587479 
245 1 0 |a Worldminds. Geographical perspectives on 100 problems: commemorating the 100th anniversary of the Association of American Geographers 1904-2004 
250 |a 1a. ed 
300 |a 635 p 
942 |c BK 
945 |d 20160616 22:39:00  |a arojas 
260 |a Dordrecht  |b Kluwer Academic  |c 2004 
500 |a Celebrating geography - the next 100 years 
650 0 |a Geografía  |9 259346 
650 7 |a PERCEPCION GEOGRAFICA  |2 CL-VaPUC  |9 556188 
583 |a last modification  |c 20160616 22:39:00  |k Rodrigo Vera 
999 |c 364873  |d 364871 
952 |0 0  |1 0  |3 erb  |4 0  |6 304_200000000000000_JAN_2004  |7 0  |8 A  |9 478470  |a BIBING  |b BIBING  |i 5293227  |o 304.2 JAN 2004  |p 5293227  |r 2025-01-20  |w 2019-11-24  |y BK  |z Catalogado en:20160616  |k GEO